000
00241nam a22001097a 4500
020
_a
9789385609411
082
_a
K805
100
_a
HAGGARD, SIR HENRY RIDER
245
_a
KING SOLOMON'S MINES - ENGLISH CLASSIC
300
_a
240P
942
_c
BK
999
_c
9876
_d
9876